[Event "Mittelfranken-ch QT 53rd"]
[Site "Lauf"]
[Date "2004.04.09"]
[Round "5"]
[White "Kurze, Peter"]
[Black "Jung, Udo"]
[Result "0-1"]
[WhiteElo "1672"]
[BlackElo "1623"]
[PlyCount "96"]
[EventDate "2004.04.07"]
[EventType "swiss"]
[EventRounds "7"]
[EventCountry "GER"]
[SourceTitle "EXT 2015"]
[Source "ChessBase"]
[SourceDate "2014.11.20"]
[SourceVersion "1"]
[SourceVersionDate "2014.11.20"]
[SourceQuality "1"]

1. d4 Nf6 2. c4 e6 3. a3 d5 4. Nc3 Be7 5. e3 0-0 6. Bd3 c6 7. Nf3 Nbd7 8. cxd5 exd5 9. 0-0 Re8 10. Bc2 Nf8 11. h3 Bd6 12. Re1 h6 13. e4 dxe4 14. Nxe4 Nxe4 15. Rxe4 Rxe4 16. Bxe4 Be6 17. Be3 Nd7 18. Bc2 Qc7 19. Qd3 Nf6 20. Rc1 Re8 21. b4 a6 22. Bd2 Bd5 23. Qc3 Ne4 24. Bxe4 Rxe4 25. Be3 Bf4 26. Re1 Bxe3 27. fxe3 Qg3 28. Re2 f6 29. Qe1 Qg6 30. Qf2 Qe8 31. Nd2 Re7 32. Qg3 Kh7 33. Kf2 Qg6 34. e4 Bf7 35. Qf4 Rd7 36. Nf3 Be6 37. g4 Qf7 38. h4 Kg8 39. Ke3 Qe7 40. g5 hxg5 41. hxg5 a5 42. Rb2 axb4 43. axb4 Qd8 44. g6 Qa8 45. Nd2 Qa7 46. Ke2 Qxd4 47. Rc2 Kf8 48. b5 Qd3+ 0-1